| 000 | 00418nam a2200169Ia 4500 | ||
|---|---|---|---|
| 005 | 20250423100322.0 | ||
| 008 | 250422s9999 xx 000 0 und d | ||
| 020 | _a0- 669- 04102- 5 | ||
| 050 | _aHF 5415 .153 .N48/ | ||
| 100 | _aWind, Yoram | ||
| 245 | 0 | _aNew product forecasting | |
| 260 | _bLexington books | ||
| 260 | _c1984 | ||
| 300 | _a564 p | ||
| 650 | _aNew products- mathematical models | ||
| 942 | _cBK | ||
| 999 |
_c32943 _d32943 |
||